=LDR 00000nam 2200000 4500 =001 INLIS000000000046979 =005 20150623102415.0 =006 =007 =008 =035 ##$$0010-061500000000068 =082 ##$$a 028.5 =090 ##$$a 028.5 abd m.2 =100 ##$$a ridwan fauzy =245 ##$$a meilleurs voeux =260 ##$$a dari mzan =300 ##$$a hln. 112 =850 ##$$a NPBMAT =990 ##$$a 2090100648/BPAP-NTB/2015